[Event "Titled Tuesday intern op 18th Aug"]
[Site "Chess.com INT"]
[Date "2020.08.18"]
[Round "10"]
[White "Erigaisi, Arjun"]
[Black "Kamsky, Gata"]
[Result "0-1"]
[WhiteElo "2559"]
[BlackElo "2674"]
[PlyCount "100"]
[EventDate "2020.08.18"]
[EventType "swiss (blitz)"]
[EventRounds "10"]
[EventCountry "USA"]
[SourceTitle "CBM 197 Extra"]
[Source "ChessBase"]
[SourceDate "2020.09.30"]
[SourceVersion "1"]
[SourceVersionDate "2020.09.30"]
[SourceQuality "1"]

1. e4 e5 2. Nf3 Nc6 3. Bb5 Nf6 4. d3 d6 5. O-O Bd7 6. h3 g6 7. Be3 Bg7 8. Nbd2
O-O 9. c3 Qe8 10. b4 Nh5 11. a4 f5 12. exf5 gxf5 13. Nb3 f4 14. Bd2 Qg6 15. Kh2
Kh8 16. Rg1 Nf6 17. Kh1 Rae8 18. c4 a6 19. Bxc6 bxc6 20. Qf1 Qh5 21. Nh2 Bf5
22. Re1 Qg6 23. Nc1 Qh5 24. Qe2 Qxe2 25. Rxe2 Nd7 26. Rge1 Rb8 27. Nf3 c5 28.
b5 axb5 29. axb5 Ra8 30. Bc3 Ra3 31. Bb2 Ra4 32. Nh4 Be6 33. Nf3 Bf6 34. Nd2
Bf5 35. Ne4 Bd8 36. Kh2 Kg8 37. Rg1 Bg6 38. g3 fxg3+ 39. Rxg3 Nf6 40. Nxf6+
Bxf6 41. Rg2 Bg7 42. Re3 Bh6 43. Re1 Rf3 44. Rd1 Kf7 45. Kg1 Rxh3 46. Rg3 Rh4
47. Ne2 Bh5 48. Re1 Ra2 49. Bc1 Rxe2 50. Rxe2 Bxe2 0-1

[Event "Titled Tuesday intern op 25th Aug"]
[Site "Chess.com INT"]
[Date "2020.08.25"]
[Round "6"]
[White "Shagbazyan, Taron"]
[Black "Kamsky, Gata"]
[Result "0-1"]
[WhiteElo "2404"]
[BlackElo "2674"]
[PlyCount "74"]
[EventDate "2020.08.25"]
[EventType "swiss (blitz)"]
[EventRounds "10"]
[EventCountry "USA"]
[SourceTitle "EXT 2021"]
[Source "ChessBase"]
[SourceDate "2020.10.23"]
[SourceVersion "1"]
[SourceVersionDate "2020.10.23"]
[SourceQuality "1"]

1. d4 Nf6 2. c4 e6 3. Nc3 Bb4 4. e3 O-O 5. Bd3 d5 6. Nge2 c5 7. cxd5 cxd4 8.
exd4 Nxd5 9. O-O Nc6 10. a3 Bd6 11. Nxd5 exd5 12. h3 Qf6 13. Be3 Bf5 14. Rc1
Rad8 15. Nc3 Bb8 16. Bxf5 Qxf5 17. Qg4 Qxg4 18. hxg4 f5 19. gxf5 Rxf5 20. Rfd1
h5 21. Na4 Na5 22. Nc5 b6 23. Nd3 Kf7 24. Rc2 Bd6 25. Bd2 Nc4 26. Bc3 Re8 27.
a4 Rf6 28. b3 Na5 29. Bxa5 bxa5 30. Ne5+ Bxe5 31. dxe5 Rxe5 32. Rc7+ Kg8 33.
Rxa7 Re2 34. Rxd5 Rexf2 35. Rdxa5 h4 36. Rg5 Rf7 37. Rxg7+ Kxg7 0-1

[Event "Titled Tuesday intern op 1st Sept"]
[Site "Chess.com INT"]
[Date "2020.09.01"]
[Round "1"]
[White "Kamsky, Gata"]
[Black "Padmini, Rout"]
[Result "1-0"]
[WhiteElo "2674"]
[BlackElo "2370"]
[PlyCount "83"]
[EventDate "2020.09.01"]
[EventType "swiss (blitz)"]
[EventRounds "10"]
[EventCountry "USA"]
[SourceTitle "EXT 2021"]
[Source "ChessBase"]
[SourceDate "2020.10.23"]
[SourceVersion "1"]
[SourceVersionDate "2020.10.23"]
[SourceQuality "1"]

1. d4 Nf6 2. Nf3 g6 3. c3 Bg7 4. Bg5 O-O 5. Nbd2 d5 6. e3 c6 7. Be2 Bf5 8. O-O
Nbd7 9. a4 Re8 10. Qb3 Qb6 11. a5 Qxb3 12. Nxb3 Bc2 13. Nfd2 Ne4 14. Bh4 Nxd2
15. Nxd2 e5 16. Rfc1 Bf5 17. Bf1 e4 18. b4 a6 19. Nb3 Be6 20. Nc5 Nxc5 21. bxc5
Rac8 22. Rab1 Rc7 23. Rb6 Bc8 24. c4 Rd7 25. h3 h6 26. Rcb1 Kf8 27. cxd5 Rxd5
28. Rxb7 Bxb7 29. Rxb7 Bxd4 30. exd4 Rxd4 31. Bg3 Rd1 32. Rb6 e3 33. fxe3 Rxe3
34. Bd6+ Kg7 35. Kf2 Ra3 36. Be5+ f6 37. Rb7+ Kf8 38. Bd6+ Ke8 39. Bc4 Rxa5 40.
Be6 Rb5 41. Rg7 Rb2+ 42. Kg3 1-0

[Event "Titled Tuesday intern op 1st Sept"]
[Site "Chess.com INT"]
[Date "2020.09.01"]
[Round "2"]
[White "Rytenko, Vsevolod"]
[Black "Kamsky, Gata"]
[Result "0-1"]
[WhiteElo "2403"]
[BlackElo "2674"]
[PlyCount "100"]
[EventDate "2020.09.01"]
[EventType "swiss (blitz)"]
[EventRounds "10"]
[EventCountry "USA"]
[SourceTitle "EXT 2021"]
[Source "ChessBase"]
[SourceDate "2020.10.23"]
[SourceVersion "1"]
[SourceVersionDate "2020.10.23"]
[SourceQuality "1"]

1. d4 Nf6 2. Bg5 d5 3. Bxf6 gxf6 4. g3 c5 5. dxc5 e6 6. Bg2 Nc6 7. Nf3 f5 8. c4
dxc4 9. Qxd8+ Kxd8 10. Nbd2 c3 11. bxc3 Bxc5 12. O-O Ke7 13. Nb3 Bd6 14. Rfd1
Rd8 15. Nfd4 Nxd4 16. cxd4 Rb8 17. Rab1 b6 18. e3 Bd7 19. Rdc1 Rdc8 20. Bf1 Ba3
21. Rd1 Rc3 22. Bg2 Rbc8 23. d5 e5 24. d6+ Bxd6 25. Bh3 Be6 26. Rd2 Ba3 27.
Rbd1 Rc2 28. f4 f6 29. Bf1 Bb4 30. Rd3 Rxa2 31. fxe5 fxe5 32. e4 fxe4 33. Re3
Rc3 34. Rxc3 Bxc3 35. Nc1 Bd4+ 36. Kh1 Ra1 37. Be2 Bh3 38. Nb3 Rxd1+ 39. Bxd1
a5 40. g4 e3 41. Nc1 b5 42. Nb3 a4 43. Nc1 a3 44. Nb3 a2 45. Be2 a1=Q+ 46. Nxa1
Bxa1 47. Bxb5 Bxg4 48. Kg2 e2 49. Kf2 Bd4+ 50. Ke1 Bc3+ 0-1

[Event "Titled Tuesday intern op 1st Sept"]
[Site "Chess.com INT"]
[Date "2020.09.01"]
[Round "3"]
[White "Kamsky, Gata"]
[Black "Goryachkina, Aleksandra"]
[Result "1/2-1/2"]
[WhiteElo "2674"]
[BlackElo "2582"]
[PlyCount "102"]
[EventDate "2020.09.01"]
[EventType "swiss (blitz)"]
[EventRounds "10"]
[EventCountry "USA"]
[SourceTitle "EXT 2021"]
[Source "ChessBase"]
[SourceDate "2020.10.23"]
[SourceVersion "1"]
[SourceVersionDate "2020.10.23"]
[SourceQuality "1"]

1. d4 d5 2. Nf3 Nf6 3. Bf4 Bf5 4. e3 e6 5. c4 Bb4+ 6. Nc3 O-O 7. Qb3 Nc6 8. a3
Bxc3+ 9. bxc3 Na5 10. Qa2 c5 11. Nd2 Rc8 12. Be2 Ne4 13. Nxe4 Bxe4 14. f3 Bg6
15. O-O cxd4 16. cxd4 Nxc4 17. Rfc1 b5 18. a4 a6 19. axb5 axb5 20. Qb3 Qd7 21.
Qb4 h6 22. h3 Ra8 23. Qc5 Rfc8 24. Qb4 Ra4 25. Rxa4 bxa4 26. Bxc4 dxc4 27. Rxc4
Rxc4 28. Qxc4 Qa7 29. Qa2 Qa6 30. Qa3 Bd3 31. Bd6 Bc2 32. Bc5 Bb3 33. Qb2 Qd3
34. e4 Qc2 35. Qxc2 Bxc2 36. Kf2 f6 37. Ke3 Kf7 38. h4 h5 39. g4 g6 40. gxh5
gxh5 41. d5 exd5 42. exd5 Bb3 43. Kd4 Ke8 44. f4 Kd7 45. Bb4 f5 46. Ba3 Bd1 47.
Ke5 Bg4 48. Bb4 Bh3 49. Ba3 Bg4 50. Bb4 Bh3 51. Ba3 Bg4 1/2-1/2

[Event "Titled Tuesday intern op 1st Sept"]
[Site "Chess.com INT"]
[Date "2020.09.01"]
[Round "4"]
[White "Machidon, Cristi"]
[Black "Kamsky, Gata"]
[Result "1/2-1/2"]
[WhiteElo "2266"]
[BlackElo "2674"]
[PlyCount "101"]
[EventDate "2020.09.01"]
[EventType "swiss (blitz)"]
[EventRounds "10"]
[EventCountry "USA"]
[SourceTitle "EXT 2021"]
[Source "ChessBase"]
[SourceDate "2020.10.23"]
[SourceVersion "1"]
[SourceVersionDate "2020.10.23"]
[SourceQuality "1"]

1. d4 Nf6 2. c4 g6 3. Nc3 Bg7 4. e4 d6 5. h3 e5 6. d5 a5 7. Be3 Na6 8. Nf3 Nc5
9. Nd2 Bd7 10. b3 O-O 11. a3 Qe8 12. Be2 Kh8 13. O-O Ng8 14. b4 Na4 15. Qc2
Nxc3 16. Qxc3 axb4 17. axb4 f5 18. Rxa8 Qxa8 19. f3 Nf6 20. c5 fxe4 21. fxe4
Qb8 22. b5 Ne8 23. b6 cxb6 24. cxd6 Rxf1+ 25. Bxf1 b5 26. Qa5 Nxd6 27. Bc5 b6
28. Qxb6 Qxb6 29. Bxb6 Bh6 30. Bc5 Bxd2 31. Bxd6 Bc3 32. Kf2 b4 33. Bc4 Kg7 34.
Ke2 Kf6 35. Kd3 g5 36. Ba6 Ba4 37. Kc4 Bc2 38. Bxb4 Bxb4 39. Kxb4 Bxe4 40. Kc5
Bxg2 41. Bc8 Ke7 42. d6+ Kd8 43. Bf5 h5 44. d7 e4 45. Kd4 e3 46. Kxe3 Bc6 47.
Kd4 Bxd7 48. Ke5 Bxf5 49. Kxf5 g4 50. hxg4 hxg4 51. Kxg4 1/2-1/2

[Event "Titled Tuesday intern op 1st Sept"]
[Site "Chess.com INT"]
[Date "2020.09.01"]
[Round "5"]
[White "Kamsky, Gata"]
[Black "Halvax, Georg"]
[Result "1-0"]
[WhiteElo "2674"]
[BlackElo "2402"]
[PlyCount "79"]
[EventDate "2020.09.01"]
[EventType "swiss (blitz)"]
[EventRounds "10"]
[EventCountry "USA"]
[SourceTitle "EXT 2021"]
[Source "ChessBase"]
[SourceDate "2020.10.23"]
[SourceVersion "1"]
[SourceVersionDate "2020.10.23"]
[SourceQuality "1"]

1. d4 d5 2. Nf3 Nf6 3. Bf4 c5 4. e3 Nc6 5. c3 Qb6 6. Qb3 c4 7. Qc2 Bf5 8. Qc1
e6 9. Nbd2 Be7 10. Be2 O-O 11. O-O h6 12. Re1 Rfc8 13. Ne5 Qd8 14. Bf3 b5 15.
a3 a5 16. e4 dxe4 17. Nxe4 Nxe4 18. Bxe4 Bxe4 19. Rxe4 Nxe5 20. Bxe5 b4 21. a4
Bf6 22. Qf4 Bxe5 23. Rxe5 Rab8 24. h4 bxc3 25. bxc3 Rb3 26. Qg3 Qb6 27. Kh2 Rb2
28. h5 Rd8 29. Rae1 Ra2 30. Rb5 Qa7 31. Reb1 Rxa4 32. Rb7 Qa8 33. Rb8 Rxb8 34.
Rxb8+ Qxb8 35. Qxb8+ Kh7 36. Qf8 Ra1 37. Qxf7 a4 38. Qxe6 a3 39. Qxc4 a2 40.
Qa6 1-0

[Event "Titled Tuesday intern op 1st Sept"]
[Site "Chess.com INT"]
[Date "2020.09.01"]
[Round "6"]
[White "Braun, Arik"]
[Black "Kamsky, Gata"]
[Result "0-1"]
[WhiteElo "2609"]
[BlackElo "2674"]
[PlyCount "128"]
[EventDate "2020.09.01"]
[EventType "swiss (blitz)"]
[EventRounds "10"]
[EventCountry "USA"]
[SourceTitle "EXT 2021"]
[Source "ChessBase"]
[SourceDate "2020.10.23"]
[SourceVersion "1"]
[SourceVersionDate "2020.10.23"]
[SourceQuality "1"]

1. c4 e5 2. Nc3 Nc6 3. g3 Bc5 4. Bg2 a6 5. e3 d6 6. Nge2 Ba7 7. b3 Nge7 8. O-O
O-O 9. h3 Rb8 10. Bb2 b5 11. d3 Be6 12. Nd5 Qd7 13. Kh2 f6 14. Qd2 Bf7 15. f4
Nxd5 16. cxd5 Ne7 17. e4 c6 18. dxc6 Nxc6 19. d4 exd4 20. Nxd4 Nxd4 21. Bxd4
Bxd4 22. Qxd4 Rbc8 23. Rac1 a5 24. Rfd1 a4 25. bxa4 bxa4 26. a3 Bb3 27. Rxc8
Rxc8 28. Qxd6 Qxd6 29. Rxd6 Rc2 30. h4 Ra2 31. e5 fxe5 32. fxe5 Kf7 33. h5 h6
34. g4 Rxa3 35. Rd7+ Kf8 36. Be4 Be6 37. Rd8+ Ke7 38. Ra8 Bxg4 39. Bd5 Rd3 40.
Ra7+ Kd8 41. Rxg7 Rxd5 42. Rxg4 Ra5 43. e6 a3 44. Rg1 a2 45. Ra1 Ra3 46. Kg2
Ke7 47. Kf2 Kxe6 48. Ke2 Kf5 49. Kd2 Kg5 50. Kc2 Kxh5 51. Kb2 Ra5 52. Rh1+ Kg6
53. Ka1 h5 54. Rg1+ Kh6 55. Rh1 Ra4 56. Rg1 h4 57. Rg8 Kh5 58. Rh8+ Kg4 59.
Rg8+ Kf3 60. Rf8+ Kg3 61. Rg8+ Rg4 62. Rh8 h3 63. Kxa2 h2 64. Kb2 Kg2 0-1

[Event "Titled Tuesday intern op 1st Sept"]
[Site "Chess.com INT"]
[Date "2020.09.01"]
[Round "7"]
[White "Kamsky, Gata"]
[Black "Murzin, Volodar"]
[Result "0-1"]
[WhiteElo "2674"]
[BlackElo "2465"]
[PlyCount "106"]
[EventDate "2020.09.01"]
[EventType "swiss (blitz)"]
[EventRounds "10"]
[EventCountry "USA"]
[SourceTitle "EXT 2021"]
[Source "ChessBase"]
[SourceDate "2020.10.23"]
[SourceVersion "1"]
[SourceVersionDate "2020.10.23"]
[SourceQuality "1"]

1. d4 Nf6 2. Nf3 g6 3. Bf4 Bg7 4. c3 O-O 5. h3 d6 6. Nbd2 Nbd7 7. e4 c6 8. Be2
Qc7 9. O-O e5 10. dxe5 dxe5 11. Bg5 h6 12. Bh4 Re8 13. Re1 Nh5 14. Bf1 Nc5 15.
Nc4 Bf8 16. b4 Nd7 17. a4 b6 18. a5 b5 19. Ne3 a6 20. Qb3 Bg7 21. c4 Nf8 22.
Rac1 Qb7 23. cxb5 axb5 24. Qc3 Ra6 25. Nd2 Ne6 26. Nb3 Nhf4 27. f3 f6 28. Ng4
Rf8 29. Bf2 h5 30. Ne3 Re8 31. Nc2 g5 32. Ne3 Bf8 33. Nf5 Ng6 34. Red1 Qb8 35.
Rd2 h4 36. Rcd1 Qc7 37. Bd3 Ngf4 38. Bb1 Ng7 39. Ne3 Nge6 40. Ba2 Kh8 41. Nf5
Rd8 42. Rxd8 Ne2+ 43. Kh2 Nxc3 44. Rxf8+ Nxf8 45. Rd2 Nxa2 46. Rxa2 Be6 47. Rb2
Bxb3 48. Rxb3 Ne6 49. Rd3 c5 50. bxc5 Nd4 51. Kg1 Qxc5 52. Nxd4 exd4 53. Rxd4
Rd6 0-1

[Event "Titled Tuesday intern op 1st Sept"]
[Site "Chess.com INT"]
[Date "2020.09.01"]
[Round "8"]
[White "Cerveny, Martin"]
[Black "Kamsky, Gata"]
[Result "1-0"]
[WhiteElo "2383"]
[BlackElo "2674"]
[PlyCount "45"]
[EventDate "2020.09.01"]
[EventType "swiss (blitz)"]
[EventRounds "10"]
[EventCountry "USA"]
[SourceTitle "EXT 2021"]
[Source "ChessBase"]
[SourceDate "2020.10.23"]
[SourceVersion "1"]
[SourceVersionDate "2020.10.23"]
[SourceQuality "1"]

1. d4 d5 2. c4 c6 3. Nf3 Nf6 4. e3 a6 5. Nbd2 Bf5 6. b3 e6 7. Bb2 Nbd7 8. Be2
h6 9. O-O Be7 10. Rc1 O-O 11. h3 a5 12. a4 Re8 13. cxd5 exd5 14. Ne5 Bd6 15. f4
Ne4 16. Nxe4 Bxe4 17. Bd3 Bxd3 18. Qxd3 Nf6 19. f5 Ne4 20. Rf4 f6 21. Rxe4 dxe4
22. Qc4+ Kh7 23. Ng6 1-0

[Event "Titled Tuesday intern op 15t Sept"]
[Site "Chess.com INT"]
[Date "2020.09.15"]
[Round "1"]
[White "Rakhmangulova, Anastasiya"]
[Black "Kamsky, Gata"]
[Result "0-1"]
[WhiteElo "2156"]
[BlackElo "2674"]
[PlyCount "64"]
[EventDate "2020.09.15"]
[EventType "swiss (blitz)"]
[EventRounds "10"]
[EventCountry "USA"]
[SourceTitle "EXT 2021"]
[Source "ChessBase"]
[SourceDate "2020.10.23"]
[SourceVersion "1"]
[SourceVersionDate "2020.10.23"]
[SourceQuality "1"]

1. e4 c5 2. Nf3 e6 3. c3 d5 4. e5 d4 5. Bd3 Bd7 6. O-O Bc6 7. Re1 Ne7 8. Be4
Ng6 9. Na3 Be7 10. d3 Bxe4 11. Rxe4 dxc3 12. bxc3 Nc6 13. h4 Bxh4 14. Nxh4 Nxh4
15. Nc4 O-O 16. Ba3 b6 17. Qa4 Rc8 18. Nd6 Ng6 19. Nxc8 Qxc8 20. d4 Rd8 21.
dxc5 b5 22. Qxb5 Ngxe5 23. Qe2 Ng6 24. Rd1 e5 25. Ra4 Nf4 26. Rxd8+ Qxd8 27.
Qf3 Qc8 28. Rxf4 exf4 29. Qxf4 Qe6 30. Qd6 h5 31. Bb4 Qe1+ 32. Kh2 Qe4 0-1

[Event "Titled Tuesday intern op 15t Sept"]
[Site "Chess.com INT"]
[Date "2020.09.15"]
[Round "2"]
[White "Kamsky, Gata"]
[Black "Benitez Lozano, Javier"]
[Result "1-0"]
[WhiteElo "2674"]
[BlackElo "2350"]
[PlyCount "109"]
[EventDate "2020.09.15"]
[EventType "swiss (blitz)"]
[EventRounds "10"]
[EventCountry "USA"]
[SourceTitle "EXT 2021"]
[Source "ChessBase"]
[SourceDate "2020.10.23"]
[SourceVersion "1"]
[SourceVersionDate "2020.10.23"]
[SourceQuality "1"]

1. d4 Nf6 2. Nf3 d5 3. Bf4 e6 4. e3 c5 5. Nbd2 Nc6 6. c3 Bd6 7. Bg3 O-O 8. Bd3
b6 9. Qe2 Bb7 10. Rd1 Qc7 11. e4 dxe4 12. Nxe4 Nxe4 13. Qxe4 g6 14. dxc5 bxc5
15. Bxd6 Qxd6 16. Ba6 Qc7 17. Bxb7 Qxb7 18. Ne5 Rac8 19. O-O Qb5 20. Nd7 Rfd8
21. Rd2 Kg7 22. Rfd1 a6 23. Qf4 c4 24. Qf6+ Kg8 25. h4 Qf5 26. Qxf5 gxf5 27.
Nb6 Rxd2 28. Rxd2 Rb8 29. Nxc4 Kg7 30. g3 Kf6 31. Kg2 Ne5 32. Nxe5 Kxe5 33. Kf3
Rb7 34. c4 h5 35. b3 a5 36. Ke3 a4 37. Rd3 axb3 38. axb3 Rb8 39. f4+ Kf6 40.
Kd4 Ke7 41. c5 f6 42. Kc4 e5 43. b4 e4 44. Rd1 Re8 45. c6 e3 46. b5 e2 47. Re1
Kd6 48. Kd3 Kc5 49. Rxe2 Rd8+ 50. Ke3 Kxb5 51. Rc2 Kb6 52. c7 Rc8 53. Rb2+ Kc6
54. Rc2+ Kd5 55. Kd3 1-0

[Event "Titled Tuesday intern op 15t Sept"]
[Site "Chess.com INT"]
[Date "2020.09.15"]
[Round "4"]
[White "Kamsky, Gata"]
[Black "Hua, Lefong"]
[Result "1/2-1/2"]
[WhiteElo "2674"]
[BlackElo "2305"]
[PlyCount "100"]
[EventDate "2020.09.15"]
[EventType "swiss (blitz)"]
[EventRounds "10"]
[EventCountry "USA"]
[SourceTitle "EXT 2021"]
[Source "ChessBase"]
[SourceDate "2020.10.23"]
[SourceVersion "1"]
[SourceVersionDate "2020.10.23"]
[SourceQuality "1"]

1. d4 Nf6 2. Nf3 g6 3. c3 Bg7 4. Bg5 d6 5. Nbd2 O-O 6. e4 c5 7. d5 e6 8. dxe6
Bxe6 9. Bc4 h6 10. Bxf6 Qxf6 11. O-O Nc6 12. Re1 Rad8 13. Qc2 Bxc4 14. Nxc4 d5
15. exd5 Rxd5 16. a4 b6 17. h3 Rfd8 18. Re4 Qf5 19. Rae1 Qd7 20. g4 Rd1 21. Kg2
Bf6 22. Rxd1 Qxd1 23. Re8+ Kg7 24. Qxd1 Rxd1 25. Rc8 Nd8 26. Nfd2 Ne6 27. Ra8
Nf4+ 28. Kg3 Nd3 29. Ne4 Rb1 30. Nxf6 Kxf6 31. Rxa7 Nxb2 32. Nxb6 Nd1 33. Nd7+
Kg7 34. Ne5 Nxc3 35. Rxf7+ Kg8 36. Ra7 g5 37. a5 Rb3 38. f3 Ne4+ 39. Kg2 Rb2+
40. Kg1 Rb1+ 41. Kg2 Rb2+ 42. Kf1 Ng3+ 43. Kg1 Ne2+ 44. Kf1 Ng3+ 45. Kg1 Ne2+
46. Kf2 Nf4+ 47. Kf1 Rb1+ 48. Kf2 Rb2+ 49. Kf1 Rb1+ 50. Kf2 Rb2+ 1/2-1/2

[Event "Titled Tuesday intern op 15t Sept"]
[Site "Chess.com INT"]
[Date "2020.09.15"]
[Round "5"]
[White "Valdes Romero, Leonardo"]
[Black "Kamsky, Gata"]
[Result "0-1"]
[WhiteElo "2402"]
[BlackElo "2674"]
[PlyCount "108"]
[EventDate "2020.09.15"]
[EventType "swiss (blitz)"]
[EventRounds "10"]
[EventCountry "USA"]
[SourceTitle "EXT 2021"]
[Source "ChessBase"]
[SourceDate "2020.10.23"]
[SourceVersion "1"]
[SourceVersionDate "2020.10.23"]
[SourceQuality "1"]

1. Nf3 Nf6 2. g3 g6 3. Bg2 Bg7 4. O-O O-O 5. d3 d5 6. Nbd2 c6 7. e4 a5 8. a3 a4
9. Re1 Na6 10. Qe2 Nc5 11. e5 Ne8 12. d4 Ne6 13. c3 f6 14. exf6 exf6 15. Nf1
Nd6 16. Ne3 Re8 17. Bd2 b6 18. Qd3 Ba6 19. Qc2 Bb5 20. Bf1 Bxf1 21. Nxf1 b5 22.
Re2 Qd7 23. Rae1 Nc4 24. Bc1 Nc7 25. Kg2 Rxe2 26. Rxe2 Bf8 27. h4 Re8 28. Rxe8
Qxe8 29. Ne3 Qe6 30. h5 Kf7 31. hxg6+ hxg6 32. Nh4 Nxe3+ 33. Bxe3 Qe4+ 34. Qxe4
dxe4 35. Kf1 Nd5 36. Ke2 Be7 37. Ng2 Bd6 38. Ne1 Ke6 39. Nc2 Be7 40. Bd2 f5 41.
Na1 g5 42. Nc2 f4 43. gxf4 gxf4 44. f3 e3 45. Be1 Nb6 46. Kd3 Kd5 47. Na1 Nc4
48. b3 Nxa3 49. bxa4 bxa4 50. c4+ Nxc4 51. Nc2 Nb2+ 52. Kc3 a3 53. Kb3 Nd3 54.
Bc3 e2 0-1

[Event "Titled Tuesday intern op 15t Sept"]
[Site "Chess.com INT"]
[Date "2020.09.15"]
[Round "6"]
[White "Kamsky, Gata"]
[Black "Rychkov, Oleg"]
[Result "1-0"]
[WhiteElo "2674"]
[BlackElo "2407"]
[PlyCount "131"]
[EventDate "2020.09.15"]
[EventType "swiss (blitz)"]
[EventRounds "10"]
[EventCountry "USA"]
[SourceTitle "EXT 2021"]
[Source "ChessBase"]
[SourceDate "2020.10.23"]
[SourceVersion "1"]
[SourceVersionDate "2020.10.23"]
[SourceQuality "1"]

1. d4 Nf6 2. Nf3 g6 3. c3 Bg7 4. Bg5 O-O 5. Nbd2 h6 6. Bh4 d5 7. e3 Bf5 8. Be2
Nbd7 9. O-O c6 10. Qb3 Qb6 11. Rfc1 Rfe8 12. h3 Ne4 13. Nxe4 Bxe4 14. Nd2 Bf5
15. a4 e5 16. a5 Qxb3 17. Nxb3 a6 18. Bf1 g5 19. Bg3 Re6 20. c4 dxc4 21. Rxc4
Re7 22. Rb4 exd4 23. Nxd4 Bxd4 24. Rxd4 Nf6 25. Rad1 Rae8 26. Bd6 Rd7 27. Bc5
Red8 28. f3 Rxd4 29. Rxd4 Rxd4 30. Bxd4 Nd7 31. b4 Be6 32. g4 f6 33. Kf2 Kf7
34. f4 Bd5 35. Bd3 Nf8 36. Kg3 Ne6 37. Bb6 Ng7 38. f5 h5 39. e4 Bb3 40. Bc7
hxg4 41. hxg4 Ne8 42. Bb8 Ke7 43. e5 fxe5 44. Bxe5 Nf6 45. Be2 Bd5 46. Bd4 Ne4+
47. Kh2 Nd2 48. Be3 Nf3+ 49. Bxf3 Bxf3 50. Kg3 Bd1 51. Bxg5+ Kd6 52. Be3 Ke5
53. Bc5 Be2 54. Bb6 Bd1 55. Bc7+ Ke4 56. Kh4 Kd5 57. Bb6 Ke5 58. Kg5 Be2 59.
Bc7+ Kd5 60. Kf4 c5 61. bxc5 Kc6 62. Bb6 Kd7 63. g5 Ke7 64. Ke5 Bd3 65. Bc7 Kd7
66. Bd6 1-0

[Event "Titled Tuesday intern op 15t Sept"]
[Site "Chess.com INT"]
[Date "2020.09.15"]
[Round "7"]
[White "Sarana, Alexey"]
[Black "Kamsky, Gata"]
[Result "1-0"]
[WhiteElo "2654"]
[BlackElo "2674"]
[PlyCount "125"]
[EventDate "2020.09.15"]
[EventType "swiss (blitz)"]
[EventRounds "10"]
[EventCountry "USA"]
[SourceTitle "EXT 2021"]
[Source "ChessBase"]
[SourceDate "2020.10.23"]
[SourceVersion "1"]
[SourceVersionDate "2020.10.23"]
[SourceQuality "1"]

1. d4 d5 2. c4 c6 3. Nf3 Nf6 4. Nc3 a6 5. c5 g6 6. Bf4 Nh5 7. Bd2 Bg7 8. g3 O-O
9. Bg2 Nf6 10. O-O Bf5 11. Qb3 Qc8 12. Na4 Nbd7 13. Nh4 Be6 14. f3 Ne8 15. e3
Rb8 16. f4 Ndf6 17. Nb6 Qd8 18. Qd3 Bc8 19. Ba5 Nd7 20. b4 Nxb6 21. Bxb6 Qd7
22. a4 Nf6 23. b5 Ra8 24. bxc6 bxc6 25. Nf3 Qe8 26. Nh4 Bd7 27. a5 Qc8 28. Rab1
Bh3 29. Rb2 Bxg2 30. Kxg2 Ne4 31. Nf3 f6 32. Rfb1 Rf7 33. Nd2 Nxd2 34. Rxd2 e5
35. dxe5 fxe5 36. e4 d4 37. Rf1 Qe6 38. Rdf2 exf4 39. gxf4 Re8 40. e5 Qd5+ 41.
Qf3 Qxf3+ 42. Rxf3 Rd7 43. Rd1 g5 44. fxg5 Rxe5 45. h4 h6 46. Rg3 hxg5 47. hxg5
Re6 48. g6 Be5 49. Rg4 Bf6 50. Rd3 Re3 51. Rxe3 dxe3 52. Kf3 Kg7 53. Kxe3 Re7+
54. Kf4 Re5 55. Rg2 Rd5 56. Ke4 Be7 57. Ba7 Bxc5 58. Bb8 Bd6 59. Bxd6 Rxd6 60.
Rc2 Kxg6 61. Rb2 c5 62. Rb6 Rf6 63. Ke5 1-0

[Event "Titled Tuesday intern op 15t Sept"]
[Site "Chess.com INT"]
[Date "2020.09.15"]
[Round "9"]
[White "Kamsky, Gata"]
[Black "Godzwon, Iwo"]
[Result "1-0"]
[WhiteElo "2674"]
[BlackElo "2317"]
[PlyCount "51"]
[EventDate "2020.09.15"]
[EventType "swiss (blitz)"]
[EventRounds "10"]
[EventCountry "USA"]
[SourceTitle "EXT 2021"]
[Source "ChessBase"]
[SourceDate "2020.10.23"]
[SourceVersion "1"]
[SourceVersionDate "2020.10.23"]
[SourceQuality "1"]

1. d4 Nf6 2. Nf3 e6 3. Bf4 b6 4. e3 Bb7 5. Nbd2 d6 6. h3 Nbd7 7. a4 a6 8. Bd3
c5 9. O-O Be7 10. Re1 d5 11. c3 O-O 12. Ne5 Ne4 13. Qc2 f5 14. Nxd7 Qxd7 15.
Nf3 g5 16. Bh2 Qe8 17. Ne5 h5 18. f3 Nf6 19. g4 fxg4 20. Bg6 Qd8 21. hxg4 hxg4
22. fxg4 Bd6 23. Rf1 Ne4 24. Nf7 Bxh2+ 25. Qxh2 Rxf7 26. Rxf7 1-0

[Event "Titled Tuesday intern op 15t Sept"]
[Site "Chess.com INT"]
[Date "2020.09.15"]
[Round "10"]
[White "Chigaev, Maksim"]
[Black "Kamsky, Gata"]
[Result "0-1"]
[WhiteElo "2588"]
[BlackElo "2674"]
[PlyCount "130"]
[EventDate "2020.09.15"]
[EventType "swiss (blitz)"]
[EventRounds "10"]
[EventCountry "USA"]
[SourceTitle "EXT 2021"]
[Source "ChessBase"]
[SourceDate "2020.10.23"]
[SourceVersion "1"]
[SourceVersionDate "2020.10.23"]
[SourceQuality "1"]

1. e4 e5 2. Nf3 Nc6 3. Bc4 Nf6 4. d3 h6 5. c3 d6 6. a4 g6 7. a5 a6 8. Nbd2 Bg7
9. O-O O-O 10. Re1 Be6 11. Nf1 Re8 12. Qb3 Rb8 13. Ne3 Bxc4 14. Qxc4 Qd7 15. h3
Rbd8 16. Nd5 Nxd5 17. Qxd5 Qe6 18. Qxe6 Rxe6 19. c4 Nb4 20. Rd1 f5 21. Ne1 Rf8
22. Bd2 Nc6 23. Bc3 h5 24. b4 Ra8 25. Nc2 Bh6 26. b5 Nd8 27. d4 fxe4 28. dxe5
Bg7 29. exd6 cxd6 30. Bxg7 Kxg7 31. Ne3 Nf7 32. Rab1 axb5 33. Rxb5 Ra7 34. Nd5
Re8 35. Rdb1 Rea8 36. Nc7 Rc8 37. Ne6+ Kf6 38. Nf4 Rxc4 39. Nd5+ Kg7 40. Rxb7
Rxa5 41. Ne3 Rcc5 42. h4 d5 43. Rd7 Rcb5 44. Rd1 Kf8 45. Nxd5 Ne5 46. Rd8+ Kf7
47. Nc3 Rb4 48. Nd5 Rb7 49. Re1 Ng4 50. Rd6 Rba7 51. f3 Ra1 52. Kf1 Nh2+ 53.
Kf2 Rxe1 54. Kxe1 exf3 55. gxf3 Nxf3+ 56. Kf2 Nxh4 57. Rb6 Kg7 58. Kg3 Nf5+ 59.
Kf4 Ra4+ 60. Ke5 Rg4 61. Rb7+ Kh6 62. Nf6 Rg3 63. Ne4 Re3 64. Kf4 Rxe4+ 65.
Kxe4 Nd6+ 0-1